00665cam a22002051a 450000100060000000300080000600500170001400800390003103500200007003500180009004000430010804100080015108200220015910000510018124500740023226000460030630000200035250000550037260000320042720775BD-RjUL20211209000617.0140302s1962 enk 000 0 eng a(BD-RjUL) 20837 a(OCoLC)228790 aDLCcOTUdOCoLCdWUdDLCdBD-RjULbeng aeng a869.242bRIT 19621 aRichards, I. A.q(Ivor Armstrong),d1893-1979.10aTomorrow morning, Faustus! :ban infernal comedy /cby I.A. Richards. aLondon :bRoutledge & Kegan Paul,cc1962. a58 p. ;c21 cm. a"Addendum to Act III" (8 p.) inserted after p. 48.10aFaust,d-approximately 1540